000 00569nam a22001577a 4500
082 _a621.1
_bNOO
100 _aNoor, Talha (363031)
_9132318
245 _aTechno-Economic Analysis and Optimization of Vertical and Rooftop Photovoltaic Systems for Sustainable Energy Generation in Urban Apartment Buildings in Pakistan /
264 _aIslamabad :
_bUSPCAS-E, NUST
_cAugust, 2025
300 _axiv, 54 p.
_e+CD
520 _aTH-651
650 _aMS ESE Thesis
650 _aMS Thesis
_918721
700 _aSupervisor: Dr. Abeera Ayaz Ansari
_9117653
942 _2ddc
_cTHE
999 _c615540
_d615540